00716nam a2200169 a 450000100100000000500170001000800410002704000250006808200150009311100800010824500880018826000690027630000360034570000350038195201130041699900170052900004586120250128195002.0150522s2001 dr ac 000 0 spa d aDO-SdBNPbspacBNPHU axxxxbxxxx2 aCongreso Académico Empresarialn(8vo.d2001 feb. :cSanto Domingo)97393310aPromoción de venta como herramienta estratégica /cexpositor ; John J. Burnett. aSanto Domingo :bUniversidad Católica de Santo Domingo,c2001. a215 p. :bil., retrs. ;c21 cm.12aBurnett, John J.d1944-973934 0010718PDaPDbPDcCTd2015-05-22iLF1l0oxxxx xxxxp45861-10r2020-06-25w2020-06-25yLFPDZNo se presta c45350d45350